000 00938cab a2200349 4500
001 ABS56684
008 090401t1997 xxu||||| |||| 00| 0 eng d
035 _a(Sirsi) u77210
041 _aeng
100 _aHall, E.
245 _aOffices to residential property conversion
260 _c1997
350 _a0
490 _aCSM (Chartered Surveyor Monthly)
_v6(6) March 1997, 26-28(2)
520 _aCore studies of office conversions to residential use in Toronto, New York, and London.
650 _aALTERNATIVE USES
650 _aCANADA
650 _aCHANGE OF USE
650 _aLONDON
650 _aNEW YORK
650 _aOFFICE CONVERSIONS
650 _aOFFICE SECTOR
650 _aOFFICES
650 _aRESIDENTIAL USE
650 _aTORONTO
650 _aUNITED KINGDOM
650 _aUNITED STATES
690 _aPROPERTY-COMMERCIAL PROPERTY
700 _aCook, S.
942 _n0
948 _c19/03/1997
999 _c48532
_d48532